| 000 | 00593nam a2200205 a 4500 | ||
|---|---|---|---|
| 001 | ASIN0198084560 | ||
| 003 | OSt | ||
| 005 | 20150408114143.0 | ||
| 008 | 130927s2013 xxu eng d | ||
| 020 | _a9789380026367 | ||
| 040 | _aMa-Un | ||
| 082 | 0 | 4 | _a570.285 |
| 100 | 1 |
_aSharma, T.R. _937949 |
|
| 245 | 1 | 0 |
_aGenome analysis and bioinformatics : _ba practical approach / _cT.R. Sharma. |
| 260 |
_aNew Delhi: _bI K International Publishing House _c2013. |
||
| 300 |
_a202 p. ; _c25 cm. |
||
| 650 | 0 |
_aBioinformatics _94843 |
|
| 650 | 0 |
_aDatabases, Genetic _936342 |
|
| 942 |
_2ddc _cBOOK |
||
| 999 |
_c31341 _d265841 |
||